Vornamen aus der Fußball-Bundesliga 2021/22 (Teil 2) - Statistiken

Allgemein
  • Dieses Quiz wurde 1.505 mal gespielt
  • Das Durchschnittsergebnis liegt bei 13 aus 18
Antwortstatistiken
Nachname Verein Vorname % Korrekt
Müller Bayern München Thomas
95%
Wirtz Bayer Leverkusen Florian
93%
Kostic Eintracht Frankfurt Filip
90%
Nkunku RB Leipzig Christopher
86%
Kobel Borussia Dortmund Gregor
85%
Richter Hertha BSC Marco
82%
Dorsch FC Augsburg Niklas
79%
Lukebakio VfL Wolfsburg Dodi
78%
Stach FSV Mainz 05 Anton
74%
Sosa VfB Stuttgart Borna
72%
Schöpf Arminia Bielefeld Alessandro
70%
Lainer Borussia Mönchengladbach Stefan
67%
Baumgartl Union Berlin Timo
65%
Höler SC Freiburg Lucas
64%
Akpoguma TSG Hoffenheim Kevin
62%
Schmitz 1. FC Köln Benno
60%
Holtmann VfL Bochum Gerrit
60%
Christiansen SpVgg Greuther Fürth Max
32%
Keine übereinstimmenden Quizze gefunden
Verteilung der Resultate
Anzahl Personen mit jedem Resultat
Perzentil nach korrekt beantworteten Fragen
Ihre Resultats-Entwicklung
Sie haben dieses Quiz noch nicht gespielt